[Event "CAN-ch"]
[Site "Guelph CAN"]
[Date "2009.08.14"]
[Round "7"]
[White "Calugar, Arthur"]
[Black "Humphreys, Michael"]
[Result "0-1"]
[WhiteElo "2072"]
[BlackElo "1999"]
[PlyCount "114"]
[GameId "2160767910093302"]
[EventDate "2009.08.08"]
[EventType "swiss"]
[EventRounds "9"]
[EventCountry "CAN"]
[SourceTitle "CBM 132 Extra"]
[Source "ChessBase"]
[SourceDate "2009.11.03"]
[SourceVersion "1"]
[SourceVersionDate "2009.11.03"]
[SourceQuality "1"]

1. Nf3 Nf6 2. b3 d5 3. Bb2 c5 4. e3 g6 5. c4 Bg7 6. cxd5 O-O 7. Bc4 Nxd5 8. Bxg7 Kxg7 9. O-O Nb6 10. Be2 Nc6 11. Qc2 Qd6 12. a3 Bf5 13. d3 Rfd8 14. Rd1 e5 15. Nc3 Qe7 16. Qb2 f6 17. Rab1 Rac8 18. Ne1 Rd7 19. Rdc1 Rcd8 20. g4 Be6 21. Ne4 Rd5 22. Bf3 f5 23. Nc3 R5d7 24. Bxc6 bxc6 25. Na4 Rd5 26. e4 Nxa4 27. bxa4 fxe4 28. dxe4 Rd4 29. f3 Qg5 30. Qf2 Rd2 31. Qg3 c4 32. Ng2 R8d3 33. h4 Qf6 34. Rf1 g5 35. hxg5 Qxg5 36. Nh4 Qf4 37. Qxf4 exf4 38. Ng2 Rxa3 39. Nxf4 Bf7 40. e5 Re3 41. Rbe1 Rxe1 42. Rxe1 c3 43. Ne2 c2 44. Nc1 Bd5 45. Rf1 Kf7 46. Rf2 Rd1+ 47. Rf1 Bxf3 48. g5 Ke6 49. Kf2 Kxe5 50. Re1+ Kf4 51. Nb3 Rxe1 52. Kxe1 Kxg5 53. Kf2 Bd5 54. Nc1 Kf4 55. Ne2+ Ke4 56. Nc1 Bc4 57. a5 Kd4 0-1

[Event "CAN-ch"]
[Site "Guelph CAN"]
[Date "2009.08.14"]
[Round "7"]
[White "Divljan, Igor"]
[Black "Qin, Zi Yi (Joey)"]
[Result "1-0"]
[WhiteElo "2412"]
[BlackElo "2208"]
[PlyCount "107"]
[GameId "2160767910093303"]
[EventDate "2009.08.08"]
[EventType "swiss"]
[EventRounds "9"]
[EventCountry "CAN"]

1. d4 Nf6 2. c4 g6 3. Nc3 Bg7 4. e4 d6 5. f4 O-O 6. Nf3 c5 7. dxc5 Qa5 8. Bd3 Qxc5 9. Qe2 Bg4 10. Be3 Qa5 11. Rc1 Nc6 12. O-O Nd7 13. Qf2 Bxf3 14. gxf3 Nc5 15. Bb1 Na4 16. Nxa4 Qxa4 17. b3 Qa5 18. Rfd1 b6 19. h4 Rac8 20. Kg2 Qa3 21. h5 Qb2 22. Rc2 Qf6 23. Rh1 Nd4 24. Rd2 e5 25. Qg3 h6 26. Bxd4 exd4 27. Kf1 g5 28. fxg5 Qxg5 29. Qxg5 hxg5 30. Rg2 Rc5 31. Rhg1 Bh6 32. Ke2 Kh8 33. Kd3 Bg7 34. b4 Re5 35. f4 Re6 36. Rxg5 Bf6 37. Rd5 Bg7 38. a4 Rfe8 39. Re1 Rh6 40. Ba2 Rf6 41. Rxd4 Rxf4 42. Rxd6 Bf8 43. c5 Bxd6 44. cxd6 Rd8 45. e5 Kg7 46. Re4 Rf1 47. Kc4 Rc1+ 48. Kb5 Rcc8 49. Rg4+ Kh6 50. Bxf7 a5 51. Rd4 axb4 52. Kxb4 Rc5 53. e6 Re5 54. e7 1-0

[Event "CAN-ch"]
[Site "Guelph CAN"]
[Date "2009.08.14"]
[Round "7"]
[White "Hambleton, Aman"]
[Black "Me, Kevin"]
[Result "1-0"]
[WhiteElo "2052"]
[BlackElo "2145"]
[PlyCount "47"]
[GameId "2160767910093305"]
[EventDate "2009.08.08"]
[EventType "swiss"]
[EventRounds "9"]
[EventCountry "CAN"]
[SourceTitle "CBM 132 Extra"]
[Source "ChessBase"]
[SourceDate "2009.11.03"]
[SourceVersion "1"]
[SourceVersionDate "2009.11.03"]
[SourceQuality "1"]

1. d4 f5 2. c4 Nf6 3. Nc3 g6 4. h4 d6 5. h5 Nxh5 6. Rxh5 gxh5 7. e4 Be6 8. d5 Bf7 9. exf5 Qd7 10. Bd3 Na6 11. Nf3 O-O-O 12. Be3 Bg7 13. Nb5 b6 14. Ng5 Rdf8 15. Ne6 Bxe6 16. dxe6 Qe8 17. Be4 Nb4 18. a3 d5 19. axb4 dxe4 20. Rxa7 Kb8 21. Ra8+ Kb7 22. Rxe8 Rxe8 23. Qd5+ Kb8 24. Qc6 1-0

[Event "CAN-ch"]
[Site "Guelph CAN"]
[Date "2009.08.14"]
[Round "7"]
[White "Henry, Liam"]
[Black "Vincent, Trevor"]
[Result "0-1"]
[WhiteElo "2270"]
[BlackElo "2290"]
[PlyCount "74"]
[GameId "2160767910093306"]
[EventDate "2009.08.08"]
[EventType "swiss"]
[EventRounds "9"]
[EventCountry "CAN"]

1. e4 c5 2. Nf3 e6 3. d4 cxd4 4. Nxd4 Nc6 5. Nc3 Qc7 6. Be3 a6 7. Qd2 Nf6 8. O-O-O Bb4 9. f3 Ne5 10. Nb3 b5 11. Qe1 Be7 12. f4 Ng6 13. e5 Ng4 14. Ne4 O-O 15. Bc5 Bb7 16. Nd6 Bd5 17. Rxd5 exd5 18. h3 Nh6 19. Qd2 Nf5 20. Nxf5 Bxc5 21. g4 Rac8 22. Bd3 d6 23. Nxc5 dxc5 24. Nd6 Ne7 25. Bf5 Rcd8 26. g5 Rxd6 27. exd6 Qxd6 28. Bg4 d4 29. Re1 Rd8 30. f5 Nd5 31. c3 Ne3 32. cxd4 cxd4 33. Kb1 Qf4 34. a3 Qxg5 35. Qa5 h5 36. h4 Qf6 37. Bh3 Rc8 0-1

[Event "CAN-ch"]
[Site "Guelph CAN"]
[Date "2009.08.14"]
[Round "7"]
[White "Kaminski, Thomas"]
[Black "MacKinnon, Keith"]
[Result "1/2-1/2"]
[WhiteElo "2088"]
[BlackElo "2148"]
[PlyCount "67"]
[GameId "2160767910093309"]
[EventDate "2009.08.08"]
[EventType "swiss"]
[EventRounds "9"]
[EventCountry "CAN"]
[SourceTitle "CBM 132 Extra"]
[Source "ChessBase"]
[SourceDate "2009.11.03"]
[SourceVersion "1"]
[SourceVersionDate "2009.11.03"]
[SourceQuality "1"]

1. d4 Nf6 2. Nf3 e6 3. Bf4 b6 4. e3 Bb7 5. Nbd2 Be7 6. Bd3 d5 7. c3 O-O 8. Ne5 c5 9. Qf3 Nc6 10. Qh3 c4 11. Bc2 b5 12. g4 g6 13. Ndf3 Nxe5 14. Nxe5 Ne4 15. f3 Nd6 16. Qh6 Bh4+ 17. Kd2 Bf6 18. g5 Bg7 19. Qh3 b4 20. Qg4 a5 21. h4 Qe7 22. h5 Nb5 23. Rab1 a4 24. hxg6 fxg6 25. Bxg6 hxg6 26. Qh3 Bxe5 27. Bxe5 Kf7 28. Qh7+ Ke8 29. Qxg6+ Qf7 30. Qxf7+ Rxf7 31. g6 Rxf3 32. Rbf1 Rxf1 33. Rxf1 Bc6 34. Rh1 1/2-1/2

[Event "CAN-ch"]
[Site "Guelph CAN"]
[Date "2009.08.14"]
[Round "7"]
[White "Kaminski, Victor"]
[Black "Livshits, Ron"]
[Result "1-0"]
[WhiteElo "2268"]
[BlackElo "2332"]
[PlyCount "127"]
[GameId "2160767910093310"]
[EventDate "2009.08.08"]
[EventType "swiss"]
[EventRounds "9"]
[EventCountry "CAN"]
[SourceTitle "CBM 132 Extra"]
[Source "ChessBase"]
[SourceDate "2009.11.03"]
[SourceVersion "1"]
[SourceVersionDate "2009.11.03"]
[SourceQuality "1"]

1. d4 Nf6 2. Nf3 e6 3. Bf4 b6 4. e3 Bb7 5. Nbd2 d6 6. Bd3 Nbd7 7. c3 g6 8. Qe2 Bg7 9. h3 O-O 10. e4 e5 11. dxe5 dxe5 12. Be3 Qe7 13. Ba6 Bxa6 14. Qxa6 Nc5 15. Qc4 Nb7 16. Bg5 Qc5 17. Bxf6 Bxf6 18. Qe2 Rad8 19. O-O Qc6 20. Qc4 Qd7 21. b4 Bg7 22. Rfd1 Rfe8 23. Qa6 Qc6 24. Qc4 Re6 25. b5 Qd7 26. a4 Rd6 27. Re1 Na5 28. Qe2 Rxd2 29. Nxd2 Qxd2 30. Rad1 Qg5 31. Qg4 Rxd1 32. Rxd1 Qxg4 33. hxg4 Bf8 34. Rd5 Nc4 35. Rd7 Nb2 36. a5 bxa5 37. Rxc7 a4 38. Rxa7 Bc5 39. Ra6 Nd1 40. Kf1 Nxf2 41. Rxa4 Kf8 42. Rc4 Nd3 43. g3 Bd6 44. Rc8+ Ke7 45. Ke2 Nc5 46. Kf3 Kd7 47. Rc6 Ne6 48. Ke2 Nc7 49. Rb6 Bc5 50. Rb8 Bd6 51. Kd3 Ne8 52. Rb7+ Bc7 53. b6 Kc8 54. Rxc7+ Nxc7 55. bxc7 Kxc7 56. Kc4 Kc6 57. g5 Kd6 58. Kb5 f6 59. gxf6 h5 60. c4 g5 61. c5+ Ke6 62. c6 h4 63. gxh4 gxh4 64. c7 1-0

[Event "CAN-ch"]
[Site "Guelph CAN"]
[Date "2009.08.15"]
[Round "8"]
[White "Casareno, Erwin"]
[Black "Arsenault, Nicolas"]
[Result "0-1"]
[WhiteElo "2254"]
[BlackElo "2228"]
[PlyCount "88"]
[GameId "2160767910093315"]
[EventDate "2009.08.08"]
[EventType "swiss"]
[EventRounds "9"]
[EventCountry "CAN"]

1. e4 e6 2. d4 d5 3. Nc3 Nf6 4. e5 Nfd7 5. Nf3 c5 6. Bf4 Be7 7. Qd2 Nc6 8. O-O-O a6 9. dxc5 Nxc5 10. Bd3 b5 11. h4 b4 12. Ne2 a5 13. Ned4 Nxd4 14. Nxd4 Bd7 15. h5 a4 16. h6 g6 17. Kb1 O-O 18. Be3 Re8 19. Rh3 Qb8 20. Nf3 b3 21. Bxc5 bxa2+ 22. Kxa2 Bxc5 23. Qf4 Qb4 24. Qf6 Bf8 25. Rh4 Qe7 26. Qf4 Reb8 27. Rb1 Ra7 28. Qc1 Rab7 29. g3 Qc5 30. Nd4 Be7 31. Rf4 Bg5 32. Nf3 Bxh6 33. Qh1 Bf8 34. Qc1 Bh6 35. Qh1 Bxf4 36. gxf4 Qxf2 37. Ng5 h5 38. Nf3 Rb4 39. f5 exf5 40. Ng5 Be6 41. Nxe6 fxe6 42. Qc1 Qf4 43. Qf1 Kh7 44. c3 Rb3 0-1

[Event "CAN-ch"]
[Site "Guelph CAN"]
[Date "2009.08.15"]
[Round "8"]
[White "Gerzhoy, Leonid"]
[Black "Kaminski, Victor"]
[Result "1-0"]
[WhiteElo "2409"]
[BlackElo "2268"]
[PlyCount "59"]
[GameId "2160767910093316"]
[EventDate "2009.08.08"]
[EventType "swiss"]
[EventRounds "9"]
[EventCountry "CAN"]
[SourceTitle "CBM 132 Extra"]
[Source "ChessBase"]
[SourceDate "2009.11.03"]
[SourceVersion "1"]
[SourceVersionDate "2009.11.03"]
[SourceQuality "1"]

1. Nf3 c5 2. c4 Nc6 3. Nc3 g6 4. e3 Nf6 5. d4 d6 6. d5 Nb8 7. Be2 Bg7 8. O-O O-O 9. e4 e5 10. dxe6 fxe6 11. e5 dxe5 12. Qxd8 Rxd8 13. Nxe5 Nd5 14. cxd5 Bxe5 15. Bg5 Re8 16. Bc4 exd5 17. Nxd5 Be6 18. Rfe1 Nc6 19. Rad1 Bf7 20. b3 Kg7 21. Ne3 Bd4 22. Bh6+ Kxh6 23. Bxf7 Red8 24. Bd5 Nb4 25. Bxb7 Rab8 26. Ng4+ Kg5 27. Bf3 h5 28. h4+ Kf4 29. g3+ Kf5 30. Rxd4 1-0

[Event "CAN-ch"]
[Site "Guelph CAN"]
[Date "2009.08.15"]
[Round "8"]
[White "Haessel, Dale"]
[Black "Humphreys, Michael"]
[Result "0-1"]
[WhiteElo "2204"]
[BlackElo "1999"]
[PlyCount "58"]
[GameId "2160767910093317"]
[EventDate "2009.08.08"]
[EventType "swiss"]
[EventRounds "9"]
[EventCountry "CAN"]
[SourceTitle "CBM 132 Extra"]
[Source "ChessBase"]
[SourceDate "2009.11.03"]
[SourceVersion "1"]
[SourceVersionDate "2009.11.03"]
[SourceQuality "1"]

1. d4 Nf6 2. c4 e6 3. g3 Bb4+ 4. Bd2 Be7 5. Nf3 d5 6. Qc2 O-O 7. Bg2 c6 8. O-O b6 9. b3 Ba6 10. Ne5 Nfd7 11. Nf3 Nf6 12. Bc3 dxc4 13. bxc4 Bxc4 14. Ne5 Ba6 15. Bxc6 Nxc6 16. Nxc6 Qc7 17. Nxe7+ Qxe7 18. Re1 Rfc8 19. e4 Rc7 20. a4 Rac8 21. a5 b5 22. Qb3 Rc4 23. Bb2 Qb4 24. Qxb4 Rxb4 25. Ba3 Rxd4 26. f3 Rd3 27. Kf2 Rc2+ 28. Re2 Rxe2+ 29. Kxe2 b4 0-1

[Event "CAN-ch"]
[Site "Guelph CAN"]
[Date "2009.08.15"]
[Round "8"]
[White "Martchenko, Alexander"]
[Black "Jung, Hans"]
[Result "0-1"]
[WhiteElo "2039"]
[BlackElo "2132"]
[PlyCount "88"]
[GameId "2160767910093321"]
[EventDate "2009.08.08"]
[EventType "swiss"]
[EventRounds "9"]
[EventCountry "CAN"]
[SourceTitle "CBM 132 Extra"]
[Source "ChessBase"]
[SourceDate "2009.11.03"]
[SourceVersion "1"]
[SourceVersionDate "2009.11.03"]
[SourceQuality "1"]

1. e4 c5 2. Nf3 e6 3. d4 cxd4 4. Nxd4 a6 5. Bd3 Qc7 6. O-O Nc6 7. Nxc6 dxc6 8. Be3 e5 9. Nd2 Nf6 10. Nc4 Be6 11. Bb6 Qb8 12. Qe1 Bxc4 13. Bxc4 Be7 14. Qa5 O-O 15. Bc7 Bd8 16. Bxd8 Rxd8 17. Bd3 Rd4 18. Rae1 b6 19. Qd2 Qd6 20. Qg5 h6 21. Qe3 c5 22. b3 b5 23. Rd1 Rd8 24. f3 Qb6 25. Ra1 Ne8 26. a4 Nc7 27. Be2 Ne6 28. axb5 axb5 29. g3 R4d6 30. c3 Rd2 31. Rfd1 Rxd1+ 32. Rxd1 Rxd1+ 33. Bxd1 b4 34. Be2 bxc3 35. Qxc3 c4+ 36. Kg2 cxb3 37. Qb2 Qe3 38. Bc4 Nd4 39. Qa3 Qxf3+ 40. Kh3 Qh5+ 41. Kg2 Qf3+ 42. Kh3 Qxe4 43. Qd6 Qf5+ 44. Kg2 Qc2+ 0-1

[Event "CAN-ch"]
[Site "Guelph CAN"]
[Date "2009.08.15"]
[Round "8"]
[White "Me, Kevin"]
[Black "Calugar, Arthur"]
[Result "0-1"]
[WhiteElo "2145"]
[BlackElo "2072"]
[PlyCount "78"]
[GameId "2160767910093322"]
[EventDate "2009.08.08"]
[EventType "swiss"]
[EventRounds "9"]
[EventCountry "CAN"]
[SourceTitle "CBM 132 Extra"]
[Source "ChessBase"]
[SourceDate "2009.11.03"]
[SourceVersion "1"]
[SourceVersionDate "2009.11.03"]
[SourceQuality "1"]

1. c4 Nf6 2. Nc3 d5 3. cxd5 Nxd5 4. g3 Nb6 5. Nf3 g6 6. Bg2 Bg7 7. O-O Nc6 8. d3 O-O 9. Be3 h6 10. Qd2 Kh7 11. Rac1 e5 12. Bc5 Re8 13. Qc2 Be6 14. e3 Nd5 15. Nxd5 Bxd5 16. Rfd1 Qd7 17. b3 Rad8 18. Ba3 a5 19. Qd2 Bxf3 20. Bxf3 e4 21. Bg2 exd3 22. Bxc6 bxc6 23. Rc5 a4 24. bxa4 Qg4 25. Qc1 Re6 26. Rc4 Re4 27. Rxe4 Qxe4 28. Bb2 Bxb2 29. Qxb2 c5 30. a5 c4 31. Qc3 Qc6 32. Rb1 Rd7 33. e4 d2 34. Rd1 Qxe4 35. a6 Rd3 36. Qf6 Rf3 37. Qd8 Qe1+ 38. Kg2 Rxf2+ 39. Kh3 Qe6+ 0-1

[Event "CAN-ch"]
[Site "Guelph CAN"]
[Date "2009.08.15"]
[Round "8"]
[White "Morin, Yves"]
[Black "Divljan, Igor"]
[Result "0-1"]
[WhiteElo "2214"]
[BlackElo "2290"]
[PlyCount "48"]
[GameId "2160767910093323"]
[EventDate "2009.08.08"]
[EventType "swiss"]
[EventRounds "9"]
[EventCountry "CAN"]
[SourceTitle "CBM 132 Extra"]
[Source "ChessBase"]
[SourceDate "2009.11.03"]
[SourceVersion "1"]
[SourceVersionDate "2009.11.03"]
[SourceQuality "1"]

1. c4 Nf6 2. Nc3 e6 3. e4 d5 4. e5 Nfd7 5. d4 dxc4 6. Nf3 Nb6 7. Bxc4 Nxc4 8. Qa4+ Bd7 9. Qxc4 Bc6 10. Bg5 Be7 11. Bxe7 Qxe7 12. O-O-O Nd7 13. d5 Nb6 14. Qg4 Nxd5 15. Ne4 O-O-O 16. Nd4 Ba4 17. Rd2 Nb4 18. Nc3 Qc5 19. Kb1 Qa5 20. Qxg7 Nxa2 21. Nde2 Rxd2 22. Qxh8+ Rd8 23. Qxh7 Bb3 24. Qxf7 Nb4 0-1

[Event "CAN-ch"]
[Site "Guelph CAN"]
[Date "2009.08.15"]
[Round "8"]
[White "Plotkin, Victor"]
[Black "MacKinnon, Keith"]
[Result "1/2-1/2"]
[WhiteElo "2215"]
[BlackElo "2148"]
[PlyCount "82"]
[GameId "2160767910093325"]
[EventDate "2009.08.08"]
[EventType "swiss"]
[EventRounds "9"]
[EventCountry "CAN"]
[SourceTitle "CBM 132 Extra"]
[Source "ChessBase"]
[SourceDate "2009.11.03"]
[SourceVersion "1"]
[SourceVersionDate "2009.11.03"]
[SourceQuality "1"]

1. Nf3 Nf6 2. g3 d5 3. Bg2 Bf5 4. c4 c6 5. Qb3 Qc8 6. Nc3 e6 7. d4 Be7 8. O-O h6 9. Bf4 O-O 10. Rac1 dxc4 11. Qxc4 Nbd7 12. Rfe1 Qd8 13. e4 Bg4 14. Ne5 Nxe5 15. dxe5 Nd7 16. h3 Nb6 17. Qf1 Bh5 18. g4 Bg6 19. Rcd1 Qc7 20. Bg3 Rad8 21. f4 Bc5+ 22. Bf2 Bxf2+ 23. Qxf2 Rxd1 24. Rxd1 Rd8 25. Qc5 f6 26. exf6 Rxd1+ 27. Nxd1 Qxf4 28. fxg7 Kxg7 29. Nf2 Nd7 30. Qd4+ Nf6 31. b3 b6 32. Qc4 Qd6 33. e5 Qxe5 34. Bxc6 Qa5 35. Kg2 Qxa2 36. Qxe6 Bf7 37. Qe7 a5 38. Ba4 b5 39. Bxb5 Qxb3 40. Bc6 a4 41. h4 Qe6 1/2-1/2

[Event "CAN-ch"]
[Site "Guelph CAN"]
[Date "2009.08.15"]
[Round "8"]
[White "Vincent, Trevor"]
[Black "Hambleton, Aman"]
[Result "0-1"]
[WhiteElo "2290"]
[BlackElo "2234"]
[PlyCount "52"]
[GameId "2160767910093329"]
[EventDate "2009.08.08"]
[EventType "swiss"]
[EventRounds "9"]
[EventCountry "CAN"]

1. c4 Nf6 2. g3 c5 3. Bg2 e6 4. Nf3 Be7 5. Nc3 O-O 6. O-O d6 7. d4 cxd4 8. Nxd4 a6 9. b3 Nbd7 10. Bb2 Qc7 11. Rc1 Re8 12. Qd2 Nf8 13. Rfd1 Bd7 14. h3 Rac8 15. e4 Qb8 16. Qe2 Ng6 17. Ba3 h5 18. f4 h4 19. f5 exf5 20. exf5 d5 21. Bb2 Bxf5 22. Qf2 Be4 23. Nxe4 Nxe4 24. Bxe4 hxg3 25. Qf5 dxe4 26. Qxe4 Bg5 0-1

[Event "CAN-ch"]
[Site "Guelph CAN"]
[Date "2009.08.16"]
[Round "9"]
[White "Arsenault, Nicolas"]
[Black "Haessel, Dale"]
[Result "1/2-1/2"]
[WhiteElo "2161"]
[BlackElo "2204"]
[PlyCount "101"]
[GameId "2160767910093330"]
[EventDate "2009.08.08"]
[EventType "swiss"]
[EventRounds "9"]
[EventCountry "CAN"]
[SourceTitle "CBM 132 Extra"]
[Source "ChessBase"]
[SourceDate "2009.11.03"]
[SourceVersion "1"]
[SourceVersionDate "2009.11.03"]
[SourceQuality "1"]

1. e4 e5 2. Nf3 Nf6 3. Nxe5 d6 4. Nf3 Nxe4 5. Nc3 Nxc3 6. dxc3 Be7 7. Be3 Nc6 8. Qd2 O-O 9. O-O-O Ne5 10. Kb1 Bf6 11. h4 Re8 12. h5 h6 13. Bb5 c6 14. Be2 Ng4 15. Rde1 Nxe3 16. fxe3 Bg4 17. Bd3 Qa5 18. Qf2 Be6 19. a3 Qd5 20. c4 Qc5 21. Nd2 Qb6 22. Nb3 a5 23. Nd4 a4 24. g4 d5 25. c5 Qxc5 26. Rhf1 Qb6 27. c3 c5 28. Nxe6 fxe6 29. g5 hxg5 30. h6 Rf8 31. hxg7 Kxg7 32. Rg1 c4 33. Bc2 Kf7 34. Qh2 Ke7 35. Ka2 Rh8 36. Qg3 Qd6 37. e4 Rh2 38. e5 Bxe5 39. Rxe5 Rxc2 40. Qxg5+ Kd7 41. Qf6 Rf8 42. Rg7+ Kc6 43. Qxe6 Rcf2 44. Rg6 Qxe6 45. Rexe6+ Kc5 46. Re7 b6 47. Rc7+ Kb5 48. Rcc6 Rb8 49. Rcd6 Rd2 50. Kb1 Ka5 51. Rg5 1/2-1/2

[Event "CAN-ch"]
[Site "Guelph CAN"]
[Date "2009.08.16"]
[Round "9"]
[White "Bluvshtein, Mark"]
[Black "Gerzhoy, Leonid"]
[Result "1/2-1/2"]
[WhiteElo "2558"]
[BlackElo "2409"]
[PlyCount "87"]
[GameId "2160767910093331"]
[EventDate "2009.08.08"]
[EventType "swiss"]
[EventRounds "9"]
[EventCountry "CAN"]
[SourceTitle "CBM 132 Extra"]
[Source "ChessBase"]
[SourceDate "2009.11.03"]
[SourceVersion "1"]
[SourceVersionDate "2009.11.03"]
[SourceQuality "1"]

1. d4 Nf6 2. c4 e6 3. Nc3 d5 4. Nf3 c5 5. e3 Nc6 6. a3 Ne4 7. Qc2 Nxc3 8. Qxc3 cxd4 9. Nxd4 Nxd4 10. Qxd4 dxc4 11. Qxd8+ Kxd8 12. Bxc4 Bd6 13. Bd2 Ke7 14. a4 Bd7 15. Ke2 Rac8 16. b3 Bc6 17. f3 Rhd8 18. h3 Bd5 19. Bxd5 exd5 20. Rhc1 Be5 21. Rab1 Ke6 22. Kd3 g6 23. Bb4 a6 24. Ba5 Re8 25. Bb6 Rc6 26. Rxc6+ bxc6 27. e4 dxe4+ 28. fxe4 Rb8 29. a5 Bd6 30. Kd4 h5 31. Re1 Be7 32. e5 Rc8 33. Ke4 Bf8 34. Rd1 Be7 35. Rf1 Rb8 36. Kd4 Rc8 37. Kc4 Rb8 38. Rf3 Rb7 39. b4 Rb8 40. Rc3 Rc8 41. Rc1 Rb8 42. Kd4 Kd7 43. Rf1 Ke6 44. Rc1 1/2-1/2

[Event "CAN-ch"]
[Site "Guelph CAN"]
[Date "2009.08.16"]
[Round "9"]
[White "Calugar, Arthur"]
[Black "Plotkin, Victor"]
[Result "1-0"]
[WhiteElo "2072"]
[BlackElo "2215"]
[PlyCount "65"]
[GameId "2160767910093332"]
[EventDate "2009.08.08"]
[EventType "swiss"]
[EventRounds "9"]
[EventCountry "CAN"]
[SourceTitle "CBM 132 Extra"]
[Source "ChessBase"]
[SourceDate "2009.11.03"]
[SourceVersion "1"]
[SourceVersionDate "2009.11.03"]
[SourceQuality "1"]

1. e4 e5 2. Nf3 Nc6 3. Bb5 a6 4. Ba4 Nf6 5. O-O Be7 6. Re1 b5 7. Bb3 O-O 8. c3 d6 9. h3 Na5 10. Bc2 c5 11. d4 Qc7 12. Nbd2 Re8 13. Nf1 Bf8 14. Ne3 g6 15. d5 Bg7 16. Nh2 Rf8 17. Neg4 Ne8 18. Nh6+ Kh8 19. h4 f5 20. exf5 gxf5 21. g4 fxg4 22. N2xg4 Nf6 23. Nxf6 Bxf6 24. Qh5 Ra7 25. Bg5 Qd8 26. Re3 Nc4 27. Rg3 Nxb2 28. Kh1 Rg7 29. Rag1 Bxg5 30. Rxg5 Rxg5 31. hxg5 e4 32. g6 Qe7 33. g7+ 1-0

[Event "CAN-ch"]
[Site "Guelph CAN"]
[Date "2009.08.16"]
[Round "9"]
[White "Kaminski, Victor"]
[Black "Hambleton, Aman"]
[Result "0-1"]
[WhiteElo "2268"]
[BlackElo "2052"]
[PlyCount "84"]
[GameId "2160767910093336"]
[EventDate "2009.08.08"]
[EventType "swiss"]
[EventRounds "9"]
[EventCountry "CAN"]
[SourceTitle "CBM 132 Extra"]
[Source "ChessBase"]
[SourceDate "2009.11.03"]
[SourceVersion "1"]
[SourceVersionDate "2009.11.03"]
[SourceQuality "1"]

1. d4 Nf6 2. Nf3 c5 3. d5 b5 4. Bg5 Ne4 5. Bf4 Bb7 6. e3 Qa5+ 7. c3 Nf6 8. d6 Ne4 9. Nbd2 Nxd6 10. Bxd6 exd6 11. a4 bxa4 12. Rxa4 Qc7 13. Ng5 h6 14. Nh3 d5 15. Nf4 Bc6 16. Ra2 Bd6 17. Nh5 Kf8 18. Nf3 Be5 19. Be2 d6 20. O-O Nd7 21. Nh4 g6 22. f4 Bf6 23. Nxf6 Nxf6 24. g4 Kg7 25. Qd3 Qe7 26. Ng2 Rhe8 27. Bf3 Ne4 28. Rd1 Rad8 29. Ra6 Qb7 30. Ra2 Bb5 31. Qc2 Bc4 32. Ra3 Rb8 33. Rb1 Qb5 34. Qc1 Bd3 35. Rba1 Qxb2 36. Qe1 a6 37. g5 hxg5 38. fxg5 Nxg5 39. Bxd5 Bc4 40. Bc6 d5 41. Qg3 Ne4 42. Qg4 Qxa3 0-1

[Event "CAN-ch"]
[Site "Guelph CAN"]
[Date "2009.08.16"]
[Round "9"]
[White "MacKinnon, Keith"]
[Black "Vincent, Trevor"]
[Result "1/2-1/2"]
[WhiteElo "2244"]
[BlackElo "2290"]
[PlyCount "41"]
[GameId "2160767910093337"]
[EventDate "2009.08.08"]
[EventType "swiss"]
[EventRounds "9"]
[EventCountry "CAN"]

1. e4 c5 2. Nf3 e6 3. d4 cxd4 4. Nxd4 Nc6 5. Nb5 d6 6. Bf4 e5 7. Be3 a6 8. N5c3 Nf6 9. Bc4 Be6 10. Nd5 Nxe4 11. Bb6 Qg5 12. O-O Rc8 13. Nc7+ Kd7 14. Nd5 Qg6 15. f3 Nf6 16. Nbc3 Nxd5 17. Nxd5 Nb4 18. c3 Nxd5 19. Bxd5 Bxd5 20. Qxd5 Rc6 21. Be3 1/2-1/2

[Event "CAN-ch"]
[Site "Guelph CAN"]
[Date "2009.08.16"]
[Round "9"]
[White "Qin, Zi Yi (Joey)"]
[Black "Casareno, Erwin"]
[Result "1-0"]
[WhiteElo "2208"]
[BlackElo "2254"]
[PlyCount "129"]
[GameId "2160767910093340"]
[EventDate "2009.08.08"]
[EventType "swiss"]
[EventRounds "9"]
[EventCountry "CAN"]

1. e4 c5 2. Nf3 d6 3. d4 cxd4 4. Nxd4 Nf6 5. Nc3 a6 6. Bc4 e6 7. Bb3 Nbd7 8. f4 Nc5 9. O-O Qc7 10. Qe2 b5 11. e5 Nxb3 12. axb3 dxe5 13. fxe5 Bc5 14. exf6 Bxd4+ 15. Be3 Bxf6 16. Nxb5 Qc6 17. Nd4 Qc7 18. c3 Bb7 19. Qg4 h5 20. Qh3 Rd8 21. Rae1 e5 22. Nf5 Rd3 23. Rd1 Be4 24. Rxd3 Bxd3 25. Rf2 Qd7 26. Nxg7+ Bxg7 27. Qxd7+ Kxd7 28. Rxf7+ Ke6 29. Rxg7 Rf8 30. Bf2 e4 31. h3 Kf5 32. Be3 Rb8 33. b4 Be2 34. Kf2 Bd1 35. Ke1 Rd8 36. Bd4 Bb3 37. Kd2 Bc4 38. Ke3 Ra8 39. Re7 Bd3 40. Re5+ Kg6 41. Re6+ Kf5 42. Re5+ Kg6 43. h4 Rf8 44. Rg5+ Kf7 45. Rxh5 Ke6 46. Rh6+ Kf5 47. Rh8 Rf7 48. Rg8 Ke6 49. Rg6+ Kd5 50. Rf6 Rh7 51. b3 Rxh4 52. c4+ Bxc4 53. Rf5+ Ke6 54. Re5+ Kd6 55. bxc4 Rg4 56. Ra5 Rxg2 57. Rxa6+ Kc7 58. Kxe4 Rg4+ 59. Kd5 Rg5+ 60. Be5+ Kb7 61. Rh6 Rg1 62. b5 Rd1+ 63. Kc5 Re1 64. Rh7+ Kc8 65. Kc6 1-0

[Event "CAN-ch"]
[Site "Guelph CAN"]
[Date "2009.08.16"]
[Round "9"]
[White "Sapozhnikov, Roman"]
[Black "Jiang, Louie"]
[Result "0-1"]
[WhiteElo "2177"]
[BlackElo "2250"]
[PlyCount "142"]
[GameId "2160767910093342"]
[EventDate "2009.08.08"]
[EventType "swiss"]
[EventRounds "9"]
[EventCountry "CAN"]
[SourceTitle "CBM 132 Extra"]
[Source "ChessBase"]
[SourceDate "2009.11.03"]
[SourceVersion "1"]
[SourceVersionDate "2009.11.03"]
[SourceQuality "1"]

1. e4 c5 2. Nf3 a6 3. c4 Nc6 4. d4 cxd4 5. Nxd4 e5 6. Nc2 Nf6 7. Nc3 Bc5 8. Bd3 d6 9. O-O Be6 10. Nd5 Nd4 11. b4 Nxc2 12. Qxc2 Bd4 13. Rb1 Nd7 14. Kh1 O-O 15. Bd2 Rc8 16. Qd1 Bxd5 17. exd5 f5 18. f3 Qh4 19. Qe1 Qh5 20. Qe2 Nf6 21. Be3 Bxe3 22. Qxe3 Nd7 23. Rbc1 b6 24. Be2 Qh4 25. f4 e4 26. g3 Qh3 27. Rfe1 Rb8 28. Bf1 Qh5 29. Be2 Qh3 30. Bf1 Qh6 31. h3 Rbe8 32. Kg1 Qf6 33. Qc3 Qxc3 34. Rxc3 Ra8 35. Ree3 a5 36. a3 axb4 37. axb4 Ra1 38. Ra3 Ra8 39. Rxa8+ Rxa8 40. g4 g6 41. Be2 Kf7 42. Kf2 Ra4 43. Rb3 Ke7 44. Kg3 Ra2 45. Kf2 Nf6 46. Ke3 Ne8 47. g5 Nc7 48. b5 Ne8 49. Kf2 Ng7 50. Ke3 Kd7 51. Rc3 Kc7 52. Rb3 Rc2 53. Ra3 Kb7 54. Rb3 Nh5 55. Bxh5 gxh5 56. Kd4 h4 57. Ra3 Rd2+ 58. Ke3 Rg2 59. Kd4 Rf2 60. Ra6 Rf3 61. c5 Rd3+ 62. Kc4 dxc5 63. Ra2 Rd4+ 64. Kc3 Rxd5 65. Rg2 Rd6 66. Rg1 e3 67. Re1 Re6 68. Re2 Kc7 69. g6 hxg6 70. Kc4 Kd6 71. Rxe3 Re4+ 0-1